000 00639cam a22002174a 4500
005 20251007092700.0
020 _a0406975795
_cTZS 57,853.9/=
040 _aMCCL
_beng.
_eAACR 2nd rev. ed.
082 0 0 _a347.06 KEA
100 1 _aKeane, Adrian
245 1 4 _aThe modern law of evidence
_c/ Adrian Keane.
250 _a6th ed.
260 _aNew York :
_bOxford University Press,
_cc2006.
300 _alxxxviii, 727 p. :
_c25 cm.
504 _aIncludes index.
546 _aeng.
650 0 _aEvidence (Law)
_zGreat Britain.
700 _aKeane, Adrian
856 4 1 _uhttp://www.loc.gov/catdir/toc/ecip0516/2005021639.html
942 _cBK
999 _c12185
_d12185